Inedito per Maria (Record n. 99286)
[ formato base ]
| 000 -LEADER | |
|---|---|
| fixed length control field | 03166njm a2200481Ia 4500 |
| 001 - CONTROL NUMBER | |
| control field | D6987 |
| 003 - CONTROL NUMBER IDENTIFIER | |
| control field | IT-RoPAU |
| 005 - DATE AND TIME OF LATEST TRANSACTION | |
| control field | 20220918181115.0 |
| 008 - FIXED-LENGTH DATA ELEMENTS--GENERAL INFORMATION | |
| fixed length control field | 131025s9999 xx 000 0 und d |
| 040 ## - CATALOGING SOURCE | |
| Original cataloging agency | IT-RoPAU |
| 040 ## - CATALOGING SOURCE | |
| Transcribing agency | IT-RoPAU |
| 041 ## - LANGUAGE CODE | |
| Language code of text/sound track or separate title | ITALIANO |
| 999 ## - SYSTEM CONTROL NUMBERS (KOHA) | |
| Koha Dewey Subclass [OBSOLETE] | n.d. |
| 100 ## - MAIN ENTRY--PERSONAL NAME | |
| Personal name | AA.VV. |
| 9 (RLIN) | 794 |
| 100 ## - MAIN ENTRY--PERSONAL NAME | |
| Relator term | Autore musica |
| 9 (RLIN) | 31047 |
| 100 ## - MAIN ENTRY--PERSONAL NAME | |
| Miscellaneous information | Codice autore musica SPICS: 12000 |
| 9 (RLIN) | 796 |
| 245 ## - TITLE STATEMENT | |
| Title | Inedito per Maria |
| 250 ## - EDITION STATEMENT | |
| Edition statement | 1a ed. |
| 260 ## - PUBLICATION, DISTRIBUTION, ETC. (IMPRINT) | |
| Place of publication, distribution, etc. | ALBANO |
| 260 ## - PUBLICATION, DISTRIBUTION, ETC. (IMPRINT) | |
| Name of publisher, distributor, etc. | EP - MUSICALI E DISCOGRAFICHE |
| Date of publication, distribution, etc. | 1995 [1a Ed.:1995 - Ed. Lingua Orig.: 1995] |
| 300 ## - PHYSICAL DESCRIPTION | |
| Extent | COMPACT DISC |
| 300 ## - PHYSICAL DESCRIPTION | |
| Dimensions | 99 minuti (Testo: pag.) |
| 500 ## - GENERAL NOTE | |
| General note | Musica religiosa. Primo festival nazionale della canzone d'autore. |
| 505 ## - FORMATTED CONTENTS NOTE | |
| Formatted contents note | Dedicato a Maria [(Inti-Illimani) (5:00)] - Se non fosse Maria [(Trampetti Patrizio) (4:00)] - Mother Mary [(Potter Karl) (5:00)] - Ballata di una madre [(Bennato Eugenio) (4:00)] - Madre Maria [(Conidi Marco) (6:00)] - Ex voto [(Montecorvino Pietra) (4:00)] - I di Go [(Nassara) (4:00)] - Passarà Marì [(Zurzolo Marco) (4:00)] - Hallelu'yah [(Parigi Susanna) (5:00)] - Aspettami Maria [(Boccassini Fedele) (5:00)] - Ave Maria di Seuna [(Caporale F.) (5:00)] - Insegnaci ad amare [(Quadraccia Carla) (5:00)] - Maronne in festa [(Canzoniere della Rita e della Manca) (5:00)] - Inedito per Maria (5:00) |
| 650 ## - SUBJECT ADDED ENTRY--TOPICAL TERM | |
| Topical term or geographic name as entry element | RELIGIOSO [COMPACT DISC] |
| Relator term | Codice MATERIA SPICS: 9949 |
| 9 (RLIN) | 14031 |
| 700 ## - ADDED ENTRY--PERSONAL NAME | |
| Personal name | Trampetti Patrizio |
| Dates associated with a name | Codice autore musica SPICS: 45878 |
| Relator term | Autore musica |
| Name of part/section of a work | Dedicato a Maria - Se non fosse Maria - Passarà Marì |
| 9 (RLIN) | 31048 |
| 700 ## - ADDED ENTRY--PERSONAL NAME | |
| Personal name | Di Domenico Mauro |
| Dates associated with a name | Codice autore SPICS: 45879 |
| Relator term | Autore |
| Name of part/section of a work | Dedicato a Maria - Se non fosse Maria |
| 9 (RLIN) | 31049 |
| 700 ## - ADDED ENTRY--PERSONAL NAME | |
| Personal name | Potter Karl |
| Dates associated with a name | Codice autore musica SPICS: 45880 |
| Relator term | Autore musica |
| Name of part/section of a work | Mother Mary |
| 9 (RLIN) | 31050 |
| 700 ## - ADDED ENTRY--PERSONAL NAME | |
| Personal name | Genovesi Roberto |
| Dates associated with a name | Codice autore SPICS: 45881 |
| Relator term | Autore |
| Name of part/section of a work | Mother Mary |
| 9 (RLIN) | 31051 |
| 700 ## - ADDED ENTRY--PERSONAL NAME | |
| Personal name | Bennato Eugenio |
| Dates associated with a name | Codice autore testo/musica SPICS: 38446 |
| Relator term | Autore testo/musica |
| Name of part/section of a work | Madre Maria |
| 9 (RLIN) | 31052 |
| 700 ## - ADDED ENTRY--PERSONAL NAME | |
| Personal name | Montecorvino Pietra |
| Dates associated with a name | Codice autore musica SPICS: 45882 |
| Relator term | Autore musica |
| Name of part/section of a work | Ex voto |
| 9 (RLIN) | 31053 |
| 700 ## - ADDED ENTRY--PERSONAL NAME | |
| Personal name | Bigna |
| Dates associated with a name | Codice autore musica SPICS: 45883 |
| Relator term | Autore musica |
| Name of part/section of a work | I di Go |
| 9 (RLIN) | 31054 |
| 700 ## - ADDED ENTRY--PERSONAL NAME | |
| Personal name | Mbakop |
| Dates associated with a name | Codice autore SPICS: 45884 |
| Relator term | Autore |
| Name of part/section of a work | I di Go |
| 9 (RLIN) | 31055 |
| 700 ## - ADDED ENTRY--PERSONAL NAME | |
| Personal name | Zurzolo Marco |
| Dates associated with a name | Codice autore SPICS: 45886 |
| Relator term | Autore |
| Name of part/section of a work | Passarà Marì |
| 9 (RLIN) | 31056 |
| 700 ## - ADDED ENTRY--PERSONAL NAME | |
| Personal name | Parigi Susanna |
| Dates associated with a name | Codice autore testo/musica SPICS: 45887 |
| Relator term | Autore testo/musica |
| Name of part/section of a work | Hallelu'yah |
| 9 (RLIN) | 31057 |
| 700 ## - ADDED ENTRY--PERSONAL NAME | |
| Personal name | Boccassini Fedele |
| Dates associated with a name | Codice autore testo/musica SPICS: 43206 |
| Relator term | Autore testo/musica |
| Name of part/section of a work | Aspettami Maria |
| 9 (RLIN) | 31058 |
| 700 ## - ADDED ENTRY--PERSONAL NAME | |
| Personal name | Caporale F. |
| Dates associated with a name | Codice autore testo/musica SPICS: 40162 |
| Relator term | Autore testo/musica |
| Name of part/section of a work | Ave Maria di Seuna - Insegnaci ad amare |
| 9 (RLIN) | 31059 |
| 700 ## - ADDED ENTRY--PERSONAL NAME | |
| Personal name | Brusati Marco |
| Dates associated with a name | Codice autore musica SPICS: 45888 |
| Relator term | Autore musica |
| Name of part/section of a work | Insegnaci ad amare |
| 9 (RLIN) | 31060 |
| 700 ## - ADDED ENTRY--PERSONAL NAME | |
| Personal name | Vincenti Valter |
| Dates associated with a name | Codice autore SPICS: 45889 |
| Relator term | Autore |
| Name of part/section of a work | Insegnaci ad amare |
| 9 (RLIN) | 31061 |
| 700 ## - ADDED ENTRY--PERSONAL NAME | |
| Personal name | Canzoniere Della Rita e Della Manca |
| Dates associated with a name | Codice autore testo/musica SPICS: 45891 |
| Relator term | Autore testo/musica |
| Name of part/section of a work | Maronne in festa |
| 9 (RLIN) | 31062 |
| 700 ## - ADDED ENTRY--PERSONAL NAME | |
| Personal name | AA.VV. |
| Dates associated with a name | Codice autore musica SPICS: 12000 |
| Relator term | Autore musica |
| Name of part/section of a work | Inedito per Maria |
| 9 (RLIN) | 31063 |
| 942 ## - ADDED ENTRY ELEMENTS (KOHA) | |
| Koha item type | CD AUDIO |
| Source of classification or shelving scheme | Dewey Decimal Classification |
| Withdrawn status | Lost status | Damaged status | Not for loan | Home library | Current library | Date acquired | Total Checkouts | Full call number | Date last seen | Price effective from | Koha item type | Public note |
|---|---|---|---|---|---|---|---|---|---|---|---|---|
| Buone Condizioni | Not For Loan | SPICS-MEDIATECA | SPICS-MEDIATECA | 25/10/2013 | D6987 | 25/10/2013 | 25/10/2013 | CD AUDIO | Progr. Ins.: 2057 / N.Vol.: 1 / Copie: 1 - Copia rara: n.d. / date import: 01.01.2014 - By Epidotti, Trombetti, Vaglietti |